00522nam a22001337a 4500008004100000020001500041050002200056245019300078260004100271300001500312440002300327700002200350700001600372140827b xxu||||| |||| 00| 0 eng d a0406091684 aKD275.4.L39(1893) aThe Law Reports, Appeal Cases of the Incorporated Council of Law Reporting(1893): House of Lords, Judicial Committee of the Privy Council and Peerage Cases. / ceditor Frederick Pollock aLondon:bButterworth and Co.,c1893. axiv,729p.: pAppeal cases 1893. aPollock,Frederick aStone, A.P.